<?xml version="1.0" encoding="UTF-8"?>
<record
    xmlns:xsi="http://www.w3.org/2001/XMLSchema-instance"
    xsi:schemaLocation="http://www.loc.gov/MARC21/slim http://www.loc.gov/standards/marcxml/schema/MARC21slim.xsd"
    xmlns="http://www.loc.gov/MARC21/slim">

  <leader>01919nam a2200361 i 4500</leader>
  <controlfield tag="001">000008151</controlfield>
  <controlfield tag="003">DO-SdBNP</controlfield>
  <controlfield tag="005">20250722094847.0</controlfield>
  <controlfield tag="008">240820s2024    dr ac         001 0 spa d</controlfield>
  <datafield tag="020" ind1=" " ind2=" ">
    <subfield code="a">9789211221367</subfield>
  </datafield>
  <datafield tag="040" ind1=" " ind2=" ">
    <subfield code="a">DO-SdBNP</subfield>
    <subfield code="b">spa</subfield>
    <subfield code="c">BNPHU</subfield>
    <subfield code="d">rda</subfield>
  </datafield>
  <datafield tag="041" ind1=" " ind2=" ">
    <subfield code="h">spa</subfield>
  </datafield>
  <datafield tag="082" ind1=" " ind2="4">
    <subfield code="a">352.440285</subfield>
    <subfield code="b">E79a</subfield>
    <subfield code="2">22</subfield>
  </datafield>
  <datafield tag="100" ind1="1" ind2=" ">
    <subfield code="a">Gonz&#xE1;lez, Geraldino,</subfield>
    <subfield code="d">1957-</subfield>
    <subfield code="9">20628</subfield>
  </datafield>
  <datafield tag="245" ind1="1" ind2="3">
    <subfield code="a">Estado abierto y gesti&#xF3;n p&#xFA;blica :</subfield>
    <subfield code="b">el papel del sector acad&#xE9;mico /</subfield>
    <subfield code="c">Valeria Torres, Alejandra Naser, Ester Kaufman, coodinadoras</subfield>
  </datafield>
  <datafield tag="264" ind1=" " ind2=" ">
    <subfield code="a">Santiago, Rep&#xFA;blica Dominicana :</subfield>
    <subfield code="b">Naciones Unidas,</subfield>
    <subfield code="c">2024</subfield>
  </datafield>
  <datafield tag="300" ind1=" " ind2=" ">
    <subfield code="a">186 p&#xE1;ginas. :</subfield>
    <subfield code="b">ilustraciones ;</subfield>
    <subfield code="c">23 cm.</subfield>
  </datafield>
  <datafield tag="336" ind1=" " ind2=" ">
    <subfield code="2">rdacontent</subfield>
    <subfield code="a">texto</subfield>
    <subfield code="b">txt</subfield>
  </datafield>
  <datafield tag="337" ind1=" " ind2=" ">
    <subfield code="2">rdamedia</subfield>
    <subfield code="a">sin mediaci&#xF3;n</subfield>
    <subfield code="b">n</subfield>
  </datafield>
  <datafield tag="338" ind1=" " ind2=" ">
    <subfield code="2">rdacarrier</subfield>
    <subfield code="a">volumen</subfield>
    <subfield code="b">nc</subfield>
  </datafield>
  <datafield tag="490" ind1="1" ind2=" ">
    <subfield code="a">Planificaci&#xF3;n para el desarrollo ;</subfield>
    <subfield code="v">163</subfield>
  </datafield>
  <datafield tag="505" ind1=" " ind2=" ">
    <subfield code="a">Pr&#xF3;logo 9 -- Introducci&#xF3;n 13 -- Cap&#xED;tulo I. Multiplicidad de saberes y gesti&#xF3;n del conocimiento 21 -- Cap&#xED;tulo II. Universidades abiertas en la era exponencial 39 -- Cap&#xED;tulo III. El sector acad&#xE9;mico como objeto de apertura 65 -- Cap&#xED;tulo IV. El estado abierto para la implementaci&#xF3;n de la agenda 2030 para el desarrollo sostenible 85 -- Cap&#xED;tulo V. Participaci&#xF3;n y colaboraci&#xF3;n del sector acad&#xE9;mico en la construcci&#xF3;n de estados abiertos 113 -- Cap&#xED;tulo VI. Acceso abierto y datos abiertos en el sector acad&#xE9;mico y la comunidad cient&#xED;fica 135 -- Cap&#xED;tulo VII. Conclusiones 161 -- Anexo 171 -- Cuadros 93 -- Recuadros 22 -- Diagramas 30 -- Im&#xE1;genes 69</subfield>
  </datafield>
  <datafield tag="590" ind1=" " ind2=" ">
    <subfield code="a">Inventariado, 2024/DG</subfield>
  </datafield>
  <datafield tag="650" ind1=" " ind2="4">
    <subfield code="a">Administraci&#xF3;n p&#xFA;blica</subfield>
    <subfield code="9">22128</subfield>
  </datafield>
  <datafield tag="650" ind1=" " ind2="4">
    <subfield code="a">Gesti&#xF3;n del conocimiento</subfield>
    <subfield code="9">22129</subfield>
  </datafield>
  <datafield tag="650" ind1=" " ind2="4">
    <subfield code="a">Universidades</subfield>
    <subfield code="9">9290</subfield>
  </datafield>
  <datafield tag="650" ind1=" " ind2="0">
    <subfield code="a">Acceso a la informaci&#xF3;n </subfield>
    <subfield code="9">17972</subfield>
  </datafield>
  <datafield tag="650" ind1=" " ind2="4">
    <subfield code="a">Desarrollo sostenible</subfield>
    <subfield code="9">901</subfield>
  </datafield>
  <datafield tag="700" ind1="1" ind2=" ">
    <subfield code="a">Torres, Valeria</subfield>
    <subfield code="e">coordinador</subfield>
    <subfield code="9">86365</subfield>
  </datafield>
  <datafield tag="700" ind1="1" ind2=" ">
    <subfield code="a">Kaufman, Ester</subfield>
    <subfield code="e">coordinador</subfield>
    <subfield code="9">86366</subfield>
  </datafield>
  <datafield tag="910" ind1=" " ind2=" ">
    <subfield code="a">DG</subfield>
  </datafield>
  <datafield tag="942" ind1=" " ind2=" ">
    <subfield code="2">ddc</subfield>
    <subfield code="c">LBS1</subfield>
  </datafield>
  <datafield tag="952" ind1=" " ind2=" ">
    <subfield code="0">0</subfield>
    <subfield code="1">0</subfield>
    <subfield code="2">ddc</subfield>
    <subfield code="5">1</subfield>
    <subfield code="7">0</subfield>
    <subfield code="8">PD</subfield>
    <subfield code="a">BNPHU</subfield>
    <subfield code="b">BNPHU</subfield>
    <subfield code="c">CT</subfield>
    <subfield code="d">2024-08-20</subfield>
    <subfield code="e">deposito legal</subfield>
    <subfield code="l">0</subfield>
    <subfield code="o">BNPHU PD 352.440285 E79a</subfield>
    <subfield code="p">2024-4966</subfield>
    <subfield code="r">2024-08-20</subfield>
    <subfield code="w">2024-08-20</subfield>
    <subfield code="y">LBS1</subfield>
  </datafield>
  <datafield tag="999" ind1=" " ind2=" ">
    <subfield code="c">57499</subfield>
    <subfield code="d">57499</subfield>
  </datafield>
</record>
